Music Quiz

Random Music or Song Quiz

3 Songs, 1 Missing Word XI Quiz Stats

 Plays Quiz Updated Aug 4, 2019

Score 0/33 Timer 05:00
11 Plays Today
% Correct
Takes
94.5%
Fast
94.2%
You're
94.2%
Nice
94.2%
Ring
94.1%
Diamonds
93.7%
Face
93.5%
Used
93.4%
Brick
93.4%
Enough
93%
Against
93%
Learn
92.7%
Pink
92.7%
Deep
92.5%
Blue
92.2%
Mary
91.9%
Dancer
91.8%
% Correct
Fallin'
91.8%
Needed
91.7%
Bring
90.9%
Break
90.2%
Eyes
89.4%
Fool
88.7%
Floor
88.4%
Drop
88%
Move
87.7%
Shook
87%
Listen
86.6%
Better
85.9%
Meant
85.6%
Girls
84.3%
Inside
80.2%
Freedom
76.8%

You're not logged in!

Compare scores with friends on all Sporcle quizzes.
OR
Log In

Sporcle TV

Today on Sporcle TV


Watch our educational content, quiz creation guides, and fun videos on Sporcle TV.

Show Comments

Extras

Top Quizzes Today


Score Distribution

Your Account Isn't Verified!

In order to create a playlist on Sporcle, you need to verify the email address you used during registration. Go to your Sporcle Settings to finish the process.

Report this User

Report this user for behavior that violates our Community Guidelines.

Details: